000 00336nam a22001337a 4500
008 181217b xxu||||| |||| 00| 0 eng d
020 _a9780521556552
041 _aeng
080 _a510
100 _a36
101 _aMAT
245 _aA First Course in the Numerical Analysis of Differential Equations
_cIserles,A
942 _2udc
_cBK
999 _c53319
_d53319